New England City Skylines - Statistics

General Stats
  • This quiz has been taken 102 times
  • The average score is 6 of 8
Answer Stats
Picture Answer % Correct
Boston
100%
Providence
86%
Hartford
75%
Springfield
70%
Portland
69%
Worcester
69%
New Haven
68%
Manchester
63%
No matching quizzes found
Score Distribution
Percent of People with Each Score
Percentile by Number Answered
Your Score History
You have not taken this quiz